[Event "45th Olympiad Budapest 2024"]
[Site "Budapest"]
[Date "2024.09.19"]
[Round "8"]
[Board "1"]
[White "Haring, Filip"]
[Black "Tran, Thanh Tu"]
[Result "0-1"]
[WhiteElo "2503"]
[BlackElo "2387"]
[PlyCount "134"]
[EventDate "2024.09.11"]
[EventType "team-tourn"]
[EventRounds "11"]
[EventCountry "HUN"]
[WhiteTeam "Slovakia"]
[BlackTeam "Japan"]
[WhiteTeamCountry "SVK"]
[BlackTeamCountry "JPN"]

1. e4 c5 2. Nf3 g6 3. d4 cxd4 4. Nxd4 Nc6 5. Nc3 Bg7 6. Be3 Nf6 7. Bc4 O-O 8. Bb3 d6 9. f3 Qa5 10. Qd2 Nxd4 11. Bxd4 Be6 12. O-O-O b5 13. Kb1 b4 14. Nd5 Bxd5 15. exd5 Qb5 16. Qd3 Qxd3 17. Rxd3 Nd7 18. Bxg7 ({RR} 18. Re1 Ne5 19. Rdd1 g5 20. c3 a5 21. cxb4 axb4 22. h4 h6 23. hxg5 hxg5 24. Rh1 Bf6 25. Rh5 Kg7 26. Be3 Rh8 27. Rdh1 Rxh5 28. Rxh5 g4 29. fxg4 Nxg4 30. Bd2 Rb8 31. Rh3 Ne5 32. Re3 Bg5 {1-0 Jakovenko,D (2719)-Li,C (2699) CHN-chT China 2019 (6.12)}) ({RR} 18. Re1 Ne5 19. Bxe5 Bxe5 20. Re4 a5 21. f4 Bf6 22. Ba4 Rfc8 23. a3 Rab8 24. axb4 Rxb4 25. Rxb4 axb4 26. Bc6 e5 27. Rb3 Rb8 28. c3 exf4 29. Kc2 Bh4 30. cxb4 Kg7 31. b5 Bd8 32. Rb4 g5 {½-½ Polster,C (2255)-Kanarek,M (2503) 2nd Bundesliga Nord 23-24 2023 (7.2)}) 18... Kxg7 19. Rd4 $146 ({RR} 19. Re1 Kf6 20. Rd4 a5 21. Rf4+ Kg5 22. Rg4+ Kf6 23. Rf4+ Kg5 24. Rg4+ Kf6 25. Rf4+ {½-½ Bobras,P (2487)-Kanarek,M (2488) POL-chT Ekstraliga 2020 (7.1)}) ({RR} 19. Re3 Kf6 20. Rhe1 g5 21. Rxe7 Ne5 22. Rb7 Rfb8 23. Rc7 Rc8 24. Rb7 Rcb8 25. Rc7 Rc8 26. Rb7 {½-½ Steinberg,N (2542)-Kobo,O (2542) Miercurea Ciuc GP RO Stage 3 2022 (7)}) ({RR} 19. Re1 Kf6 20. Rde3 g5 21. Rxe7 Ne5 22. Rb7 Rfb8 23. Rxb8 Rxb8 24. c3 bxc3 25. bxc3 Nd3 26. Re3 Nc5 27. Kc2 h5 28. Bc4 h4 29. g3 hxg3 30. hxg3 Rh8 31. Be2 Rh3 32. g4 Rh8 33. c4 Rb8 {½-½ Buakird,A (1962)-Kulpruethanon,T (2244) 46th ch-THA 2023 (8.2)}) 19... a5 20. Re1 Nc5 21. Bc4 Ra7 22. Re3 Rb8 23. h4 f5 24. Kc1 Kf6 25. Be2 Rc7 26. Rc4 Rbc8 27. a3 Nd7 28. Rxc7 Rxc7 29. axb4 axb4 30. Rb3 Nb6 31. Rxb4 Nxd5 32. Ra4 Ne3 33. Kd2 Nd5 34. g3 e5 35. Bd3 h5 36. c3 g5 37. Ra6 Rd7 38. Bb5 Rd8 39. Bc4 Ne7 40. hxg5+ Kxg5 41. Ra7 Ng6 42. Bd3 d5 43. Ra6 Rg8 44. Rd6 h4 45. gxh4+ Nxh4 46. Rxd5 Kf4 47. Be2 Rg2 48. Ke1 Rh2 49. b4 Ng2+ 50. Kd2 Ne3 51. Rd8 Nf1+ 52. Kd1 Ng3 53. Rd2 Ke3 54. Rd3+ Kf2 55. Rd5 Nxe2 56. Rxe5 Ng3 57. b5 Kxf3 58. c4 Kf4 59. Re6 Ne4 60. b6 Rb2 61. Kc1 Rb4 62. Rc6 Ke3 63. c5 f4 64. Rc7 f3 65. b7 f2 66. Rf7 Nxc5 67. Kc2 Nxb7 0-1

[Event "45th Olympiad Budapest 2024"]
[Site "Budapest"]
[Date "2024.09.19"]
[Round "8"]
[Board "2"]
[White "Nanjo, Ryosuke"]
[Black "Sahidi, Samir"]
[Result "0-1"]
[WhiteElo "2372"]
[BlackElo "2474"]
[PlyCount "70"]
[EventDate "2024.09.11"]
[EventType "team-tourn"]
[EventRounds "11"]
[EventCountry "HUN"]
[WhiteTeam "Japan"]
[BlackTeam "Slovakia"]
[WhiteTeamCountry "JPN"]
[BlackTeamCountry "SVK"]

1. e4 {Ramirez Alvarez,Alejandro} e5 2. Nf3 Nc6 3. Bb5 Nf6 4. O-O Nxe4 5. d4 Nd6 6. Bxc6 dxc6 7. dxe5 Nf5 8. Qxd8+ Kxd8 9. Nc3 Be7 10. h3 h5 ({RR} 10... Nh4 11. Rd1+ Ke8 12. Nd4 Ng6 13. f4 h5 14. Ne4 h4 15. Be3 a6 16. c4 Rh5 17. Rd3 f6 18. exf6 gxf6 19. Rf1 Bd7 20. f5 Ne5 21. Rc3 Kf7 22. Bf4 Rd8 23. Bxe5 fxe5 24. Nf3 Bxf5 25. Nxh4 {0-1 Shirov,A (2684)-Aronian,L (2792) Zuerich Chess Challenge Rapid 5th 2016 (4)} ({RR} 25. Nxe5+ Ke6)) 11. Bf4 ({RR} 11. Ne4 Ke8 12. Bg5 b6 13. Rad1 Be6 14. Nd4 Nxd4 15. Rxd4 c5 16. Rd2 Rd8 17. Rxd8+ Bxd8 18. Bxd8 Kxd8 19. Ng5 Ke7 20. f4 Rd8 21. Nf3 a5 22. a3 a4 23. Kf2 b5 24. Ke3 b4 25. axb4 cxb4 {0-1 Enkhrii Enkh-Amgalan (2072)-Bagwe,G (2248) Titled Tue 13th Aug Early 2024 (1)}) 11... Be6 12. Rad1+ $146 ({RR} 12. Ne4 Ke8 13. Rad1 Rd8 14. Neg5 c5 15. Rxd8+ Bxd8 16. Rd1 Be7 17. b3 Rh6 18. Ne4 Rg6 19. Kf1 b6 20. c4 Nd4 21. Nxd4 cxd4 22. Rxd4 Bf5 23. Nc3 Bc5 24. Rd1 c6 25. Bg3 Re6 26. Ne2 g5 {1-0 Olsarova,K (2205)-Weissmann,L (2136) CZE-chT2F 1617 2016 (3.3)}) ({RR} 12. Ng5 Ke8 13. Rad1 Rd8 14. Nxe6 fxe6 15. Rxd8+ Bxd8 16. Rd1 g5 17. Bc1 g4 18. hxg4 hxg4 19. Ne4 b6 20. Ng5 Bxg5 21. Bxg5 Rh7 22. Rd8+ Kf7 23. g3 Kg6 24. Bf6 c5 25. Rg8+ Ng7 26. Kg2 Kf7 {1-0 Cifuentes,J (2278)-Martinez,M (1982) Medellin Raza op 8th 2018 (5)}) 12... Kc8 13. Ng5 Bxg5 14. Bxg5 c5 15. Rd2 b6 16. Ne2 Kb7 17. a3 Rae8 18. Rfd1 Bc4 19. Bf4 f6 20. Ng3 fxe5 21. Nxf5 exf4 22. Nxg7 Re5 23. b3 Be2 24. Re1 f3 25. gxf3 Rg5+ 26. Kh2 Bxf3 27. Rg1 Rxg1 28. Kxg1 Rg8 29. Rd7 Kc8 30. Re7 Kd8 31. Rf7 Bd5 32. Rf5 Rxg7+ 33. Kf1 Be4 34. Rxh5 Bxc2 35. b4 c4 0-1

[Event "45th Olympiad Budapest 2024"]
[Site "Budapest"]
[Date "2024.09.19"]
[Round "8"]
[Board "3"]
[White "Druska, Juraj"]
[Black "Aoshima, Mirai"]
[Result "1/2-1/2"]
[WhiteElo "2441"]
[BlackElo "2385"]
[PlyCount "178"]
[EventDate "2024.09.11"]
[EventType "team-tourn"]
[EventRounds "11"]
[EventCountry "HUN"]
[WhiteTeam "Slovakia"]
[BlackTeam "Japan"]
[WhiteTeamCountry "SVK"]
[BlackTeamCountry "JPN"]

1. e4 c5 2. Nf3 d6 3. d4 cxd4 4. Qxd4 Nc6 5. Bb5 Bd7 6. Qd3 g6 7. c4 Bg7 8. O-O Nf6 9. Nc3 O-O 10. h3 a6 11. Bxc6 Bxc6 12. Nd4 Nd7 13. Be3 Rc8 14. Rac1 Qa5 15. Rfd1 Rfe8 ({RR} 15... Rfd8 16. Qb1 Nf6 17. g4 e6 18. b4 Qc7 19. Nb3 Qb8 20. Bb6 Re8 21. b5 axb5 22. cxb5 Bd7 23. Qd3 d5 24. exd5 Rxc3 25. Rxc3 Nxd5 26. Bd4 Nxc3 27. Bxc3 Bxb5 28. Qxb5 Bxc3 29. Nc5 Rc8 30. Qxb7 {½-½ Kondys,P (2202)-Warchol,K (2191) Ustron Open Masters 2024 (7.14)}) 16. Qb1 Qh5 17. b4 $146 ({RR} 17. Nde2 Qh4 18. Nf4 Be5 19. Nfd5 e6 20. Nb4 Nf6 21. f3 Nh5 22. Ne2 Ng3 23. Nxg3 Qxg3 24. b3 f5 25. Nxc6 bxc6 26. Qc2 c5 27. Bf2 Qh2+ 28. Kf1 Rf8 29. Bg1 Qf4 30. Re1 Rc7 31. Qd3 Rcf7 {0-1 Warakomska,A (2274)-Movsesian,S (2653) Pardubice Czech op-A 26th 2015 (1)}) ({RR} 17. b3 Nc5 18. Re1 Ne6 19. Nxe6 fxe6 20. Qd3 b5 21. cxb5 axb5 22. Ne2 d5 23. Nf4 dxe4 24. Qf1 Qf5 25. Rc5 e5 26. Rec1 Qd7 27. Rd1 Qf5 28. Ne2 Qe6 29. Rdc1 b4 30. Ng3 h5 31. Qc4 Qxc4 {1-0 Zajic,M (2431)-Bazyrtsyrenov,K (2147) Paracin op-A 15th 2022 (2)}) 17... Ne5 18. Qb3 Bd7 19. Nd5 Bh6 20. c5 Bxe3 21. Qxe3 dxc5 22. bxc5 Rxc5 23. Nf5 Rxc1 24. Nfxe7+ Kf8 25. Rxc1 Rxe7 26. Nxe7 Kxe7 27. g4 Qh4 28. Qc5+ Kf6 29. Qd6+ Be6 30. Qd8+ Kg7 31. Qxh4 Nf3+ 32. Kg2 Nxh4+ 33. Kg3 g5 34. f4 Bxa2 35. f5 Bb3 36. Rc7 b5 37. e5 Kf8 38. Ra7 b4 39. Rxa6 Bc2 40. Rb6 b3 41. Kf2 Ke7 42. Ke3 Kd7 43. Kd4 Kc7 44. Rb4 Ng2 45. Kc3 Ne3 46. Kd4 Ng2 47. Kc3 Nf4 48. Rc4+ Kd7 49. Rd4+ Ke7 50. Ra4 Nd5+ 51. Kb2 Kd7 52. Ra8 h6 53. Ra6 Nf4 54. Ra7+ Ke8 55. Kc3 Nxh3 56. Ra8+ Ke7 57. Ra7+ Kf8 58. Ra8+ Ke7 59. Ra7+ Ke8 60. Ra8+ Kd7 61. Ra7+ Kc6 62. Rxf7 Nf2 63. e6 Nd1+ 64. Kd2 Be4 65. e7 Kd7 66. f6 b2 67. Rf8 Bg6 68. e8=Q+ Bxe8 69. f7 Bxf7 70. Rxf7+ Ke6 71. Rb7 Nf2 72. Rxb2 Nxg4 73. Ke2 Kf5 74. Kf3 h5 75. Rb4 Nf6 76. Rb5+ Kg6 77. Kg3 h4+ 78. Kf3 Kh5 79. Rb8 Ng4 80. Rh8+ Nh6 81. Ra8 g4+ 82. Kf4 h3 83. Ra5+ Kh4 84. Ra6 Nf7 85. Rf6 h2 86. Rxf7 Kh3 87. Rh7+ Kg2 88. Kxg4 h1=Q 89. Rxh1 Kxh1 1/2-1/2

[Event "45th Olympiad Budapest 2024"]
[Site "Budapest"]
[Date "2024.09.19"]
[Round "8"]
[Board "4"]
[White "Kojima, Shinya"]
[Black "Kostolansky, Sebastian Lukas"]
[Result "0-1"]
[WhiteElo "2299"]
[BlackElo "2405"]
[PlyCount "74"]
[EventDate "2024.09.11"]
[EventType "team-tourn"]
[EventRounds "11"]
[EventCountry "HUN"]
[WhiteTeam "Japan"]
[BlackTeam "Slovakia"]
[WhiteTeamCountry "JPN"]
[BlackTeamCountry "SVK"]

1. d4 Nf6 2. c4 e6 3. Nf3 d5 4. Nc3 Nbd7 5. cxd5 exd5 6. Bf4 Bb4 7. Rc1 Ne4 8. Nd2 Nxd2 9. Qxd2 Nf6 10. f3 $146 ({RR} 10. e3 Bf5 11. Bd3 Bxd3 12. Qxd3 c6 13. O-O O-O 14. a3 Be7 15. Bg5 a5 16. Bxf6 Bxf6 17. Na4 Be7 18. Nc5 Qc7 19. Rc2 Bd6 20. g3 a4 21. Rc3 Ra5 22. Qc2 Rfa8 23. Kg2 g6 24. Re1 Qe7 {½-½ Ding Liren (2745)-Erigaisi,A (2778) FIDE World Rapid Team 2024 (6.13)}) ({RR} 10. a3 Ne4 11. Qe3 Bxc3+ 12. Rxc3 Be6 13. Rc1 Rc8 14. f3 Nd6 15. Qc3 O-O 16. e3 Qh4+ 17. g3 Qe7 18. h4 Rfe8 19. h5 h6 20. Be2 f6 21. Kf2 a6 22. Qb4 Bf7 23. Bd3 Rcd8 24. Bb1 c6 {0-1 Ragnarsson,D (2332)-Pulvett,D (2482) 6th San Cristobal Open 2024 (2.13)}) 10... O-O 11. a3 Be7 12. e3 c6 13. Bd3 Nh5 14. Bg3 Nxg3 15. hxg3 h6 16. Kf2 Re8 17. Ne2 Bd6 18. Bb1 Qg5 19. Nf4 g6 20. Rh4 Bf8 21. Nd3 Bf5 22. Ne5 Bxb1 23. Rxb1 c5 24. Qd3 cxd4 25. exd4 Rxe5 26. dxe5 Bc5+ 27. Kf1 Qxg3 28. Rd4 Bxd4 29. Qxd4 Rc8 30. e6 Rc2 31. exf7+ Kf8 32. Qh8+ Kxf7 33. Qh7+ Kf6 34. Qh8+ Kg5 35. Qd8+ Kh5 36. Qxd5+ g5 37. Qf7+ Kh4 0-1

[Event "45th Olympiad Budapest 2024"]
[Site "Budapest"]
[Date "2024.09.19"]
[Round "8"]
[Board "1"]
[White "Zhakshylykov, Erzhan"]
[Black "Garcia Pantoja, Roberto"]
[Result "1/2-1/2"]
[WhiteElo "2327"]
[BlackElo "2550"]
[PlyCount "144"]
[EventDate "2024.09.11"]
[EventType "team-tourn"]
[EventRounds "11"]
[EventCountry "HUN"]
[WhiteTeam "Kyrgyzstan"]
[BlackTeam "Colombia"]
[WhiteTeamCountry "KGZ"]
[BlackTeamCountry "COL"]

1. d4 Nf6 2. c4 e6 3. Nc3 Bb4 4. Nf3 b6 5. e3 O-O 6. Bd3 Bb7 7. O-O c5 8. Na4 cxd4 9. exd4 Re8 10. a3 Bf8 11. b4 a5 12. Bg5 ({RR} 12. b5 d6 13. Bb2 Nbd7 14. Re1 Rc8 15. Rc1 g6 16. h3 d5 17. Nd2 dxc4 18. Nxc4 Nd5 19. Be4 Rc7 20. Qd2 Qb8 21. Bd3 Rec8 22. Bf1 Ba8 23. Ne5 Nxe5 24. dxe5 Rxc1 25. Rxc1 Rxc1 26. Qxc1 Bg7 {½-½ Bruzon Batista,L (2706)-Carlsen,M (2848) Mexico City UNAM rapid 2012 (1.2)}) ({RR} 12. b5 d6 13. Be3 Nbd7 14. Nd2 e5 15. dxe5 Rxe5 16. Nb3 g6 17. Rc1 Rxe3 18. fxe3 Bh6 19. Kh1 Ne5 20. Be2 Ne4 21. Bf3 Bxe3 22. Bxe4 Bxe4 23. Qe2 Bxc1 24. Qxe4 Bxa3 25. Nxb6 Rb8 26. Nd5 Rc8 {0-1 Moroni,L (2558)-McShane,L (2611) 45th Olympiad 2024 (6.7)}) 12... axb4 13. axb4 h6 14. Bxf6 $146 ({RR} 14. Be3 Bxb4 15. Rb1 Bxf3 16. gxf3 Nc6 17. Kh1 Ra5 18. Rg1 Rh5 19. Rg2 Kh8 20. f4 Qc7 21. Qf3 d5 22. f5 dxc4 23. Be4 Rxf5 24. Bxf5 exf5 25. Qxf5 Qd6 26. Nxb6 c3 27. Qh3 h5 28. Rbg1 Nxd4 {0-1 Salem,A (2493)-Sethuraman,S (2529) Wch U20 50th 2011 (10)}) 14... Qxf6 15. b5 d6 16. Nxb6 Rxa1 17. Qxa1 Bxf3 18. gxf3 Qxf3 19. Qd1 Qb7 20. Na4 Nd7 21. Re1 Rc8 22. Qb3 Nb6 23. Be4 Qa7 24. Nxb6 Qxb6 25. Qd3 Qa5 26. Rb1 Rb8 27. Bc6 Be7 28. Kg2 Qa7 29. Rb3 Bf6 30. d5 e5 31. Ra3 Qc5 32. Ra4 Bd8 33. Qe3 Bb6 34. Qxc5 Bxc5 35. f3 Kf8 36. Kf1 Ke7 37. Ke2 Kf6 38. Bd7 Rb7 39. Bc6 Ra7 40. Ra6 Kg5 41. Be8 Rxa6 42. bxa6 f5 43. Kd3 Kf4 44. Bg6 Kxf3 45. Bxf5 g5 46. h3 h5 47. Bg6 Kg3 48. Bxh5 Kxh3 49. Bg6 g4 50. Bf5 Kg3 51. Ke2 Kf4 52. Be6 Bb6 53. Bd7 Ba7 54. Be6 e4 55. Bd7 Bb6 56. Be6 g3 57. Bh3 Ke5 58. Bg2 Kd4 59. Bh1 e3 60. Bg2 Kxc4 61. Bh1 Kb5 62. Bg2 Kxa6 63. Bh1 Kb5 64. Bg2 Kc4 65. Bh1 Kd4 66. Bg2 Ke5 67. Bh1 Kf4 68. Bg2 Kg4 69. Bf1 Bc5 70. Bg2 Bb6 71. Bf1 Bc5 72. Bg2 Bb6 1/2-1/2

[Event "45th Olympiad Budapest 2024"]
[Site "Budapest"]
[Date "2024.09.19"]
[Round "8"]
[Board "2"]
[White "Cardoso Cardoso, Jose Gabriel"]
[Black "Orozbaev, Eldiyar"]
[Result "0-1"]
[WhiteElo "2508"]
[BlackElo "2376"]
[PlyCount "124"]
[EventDate "2024.09.11"]
[EventType "team-tourn"]
[EventRounds "11"]
[EventCountry "HUN"]
[WhiteTeam "Colombia"]
[BlackTeam "Kyrgyzstan"]
[WhiteTeamCountry "COL"]
[BlackTeamCountry "KGZ"]

1. e4 c5 2. Nf3 d6 3. d4 cxd4 4. Nxd4 Nf6 5. Nc3 Nc6 6. Bg5 e6 7. Qd2 a6 8. O-O-O Be7 9. Bxf6 gxf6 10. f4 Bd7 11. Be2 Qb6 ({RR} 11... h5 12. Rhe1 Qb6 13. Nb3 O-O-O 14. Bf3 Kb8 15. Kb1 Na5 16. Nxa5 Qxa5 17. Re3 Rc8 18. Rd3 Rc7 19. Qe2 h4 20. e5 fxe5 21. fxe5 d5 22. Nxd5 exd5 23. Rxd5 Bb5 24. c4 Bxc4 25. Qxc4 Rxc4 26. Rxa5 {½-½ Zhapova,Y (2201)-Soumya,S (2259) 2nd Int Women's Festival 2024 (5.1)}) 12. Nb3 Qc7 13. Bh5 b5 14. Rhe1 $146 ({RR} 14. f5 O-O 15. Qh6 Ne5 16. Rhe1 Kh8 17. Re3 Rg8 18. Rh3 Rg7 19. g4 b4 20. Ne2 Rc8 21. Nbd4 exf5 22. gxf5 Qc5 23. Nf4 Bd8 24. Rg3 Rxg3 25. Ng6+ Rxg6 26. fxg6 Nxg6 27. Bxg6 Qg5+ 28. Qxg5 fxg5 {½-½ Januszkiewicz,W (2025)-Korpalski,M (1838) POL-chT U19 1st League 2015 (3.1)}) 14... b4 15. Nd5 exd5 16. exd5 Ne5 17. fxe5 fxe5 18. Rf1 O-O 19. Qh6 Rac8 20. Rd2 Qc4 21. Rf3 Kh8 22. g4 Qe4 23. Rf1 Rg8 24. h4 Bxg4 25. Na5 Bf8 26. Qf6+ Bg7 27. Qg5 Bxh5 28. Qxh5 Qe3 29. Rf3 Qe1+ 30. Rd1 Qe2 31. Nc6 Bh6+ 32. Qxh6 Qxf3 33. Ne7 Qf2 34. Nxc8 Rxc8 35. Rd2 Qg1+ 36. Rd1 Qg6 37. Qd2 Rc4 38. Qf2 Rg4 39. Qb6 Rg2 40. Qc6 Kg7 41. Rf1 a5 42. b3 h5 43. Kb2 Rg3 44. Qb6 Rg2 45. Rc1 Qf6 46. Qxa5 e4+ 47. Kb1 Qd4 48. a3 e3 49. Qxb4 Qxb4 50. axb4 e2 51. Re1 f5 52. Kc1 f4 53. Kd2 f3 54. Ra1 Rf2 55. b5 Rf1 56. Re1 f2 57. Rxe2 Rd1+ 58. Kxd1 f1=Q+ 59. Kd2 Qf4+ 60. Kd3 Qxh4 61. Re4 Qf2 62. b4 Qf1+ 0-1

[Event "45th Olympiad Budapest 2024"]
[Site "Budapest"]
[Date "2024.09.19"]
[Round "8"]
[Board "3"]
[White "Abdyzhapar, Asylbek"]
[Black "Avila Pavas, Santiago"]
[Result "1/2-1/2"]
[WhiteElo "2357"]
[BlackElo "2485"]
[PlyCount "106"]
[EventDate "2024.09.11"]
[EventType "team-tourn"]
[EventRounds "11"]
[EventCountry "HUN"]
[WhiteTeam "Kyrgyzstan"]
[BlackTeam "Colombia"]
[WhiteTeamCountry "KGZ"]
[BlackTeamCountry "COL"]

1. e4 c5 2. Nf3 d6 3. d4 cxd4 4. Nxd4 Nf6 5. Nc3 Nc6 6. Bg5 Bd7 7. Qd2 Rc8 8. O-O-O Nxd4 9. Qxd4 Qa5 10. Be3 a6 11. f3 g6 12. Kb1 ({RR} 12. Qb6 Qxb6 13. Bxb6 Bg7 14. g3 Be6 15. Be2 Nd7 16. Bd4 O-O 17. Bxg7 Kxg7 18. Rd4 Ne5 19. f4 Nc6 20. Rd2 f6 21. b3 g5 22. Kb2 gxf4 23. gxf4 f5 24. Rf1 b5 25. Bd3 Nb4 26. Ne2 fxe4 {0-1 Kwon,S (2285)-Stremavicius,T (2538) Slovakia Chess Open 2024 (1.3)}) 12... Bg7 13. Qd2 Be6 14. a3 h5 $146 ({RR} 14... Qc7 15. g4 h5 16. g5 Nd7 17. Bd4 Ne5 18. Be2 O-O 19. f4 Nc4 20. Bxc4 Bxd4 21. Qxd4 Qxc4 22. Qf2 Qc5 23. Rd4 b5 24. f5 gxf5 25. Nd5 Bxd5 26. exd5 e5 27. dxe6 fxe6 28. Qd2 d5 29. Re1 {0-1 Abdyjapar,A (2293)-Orozbaev,E (2313) ch-KGZ 2023 Bishkek KGZ (7.1)}) ({RR} 14... Qc7 15. Bd4 O-O 16. h4 b5 17. h5 Qb7 18. g4 Rfd8 19. hxg6 fxg6 20. g5 Nh5 21. Bxg7 Nxg7 22. f4 b4 23. axb4 Qxb4 24. Nd5 Qxd2 25. Rxd2 Bxd5 26. Rxd5 Rc6 27. Ra5 Ne6 28. Rxa6 Rxa6 29. Bxa6 {0-1 Kanarek,M (2387)-Daskevics,V (2386) Lazy op-A 6th 2010 (8)}) 15. Bd4 Qc7 16. h4 b5 17. Bd3 Kf8 18. Rhe1 Qb8 19. Ne2 Nd7 20. Bxg7+ Kxg7 21. Nf4 Nc5 22. Qe3 Bc4 23. Nd5 Bxd5 24. exd5 Rc7 25. Qd4+ f6 26. c3 Nxd3 27. Qxd3 Qa7 28. Re6 Kf7 29. Rde1 a5 30. R1e4 b4 31. cxb4 axb4 32. Rxb4 Qg1+ 33. Ka2 Qxg2 34. Re2 Qg1 35. Qd2 Qg3 36. Rf4 Rb8 37. Qd4 Kg8 38. Qe3 Kg7 39. Qd2 Qh3 40. Qe1 Rbb7 41. Qg1 Qc8 42. Rg2 Rc2 43. Rxg6+ Kh7 44. Rb4 Rxb4 45. axb4 Rc7 46. Rg7+ Kh8 47. Rg6 Kh7 48. Rg7+ Kh8 49. Rg6 Qa6+ 50. Kb1 Qd3+ 51. Ka1 Qa6+ 52. Kb1 Qd3+ 53. Ka1 Qa6+ 1/2-1/2

[Event "45th Olympiad Budapest 2024"]
[Site "Budapest"]
[Date "2024.09.19"]
[Round "8"]
[Board "4"]
[White "Valderrama Quiceno, Esteban Alb"]
[Black "Sezdbekov, Ruslan"]
[Result "1/2-1/2"]
[WhiteElo "2418"]
[BlackElo "2251"]
[PlyCount "82"]
[EventDate "2024.09.11"]
[EventType "team-tourn"]
[EventRounds "11"]
[EventCountry "HUN"]
[WhiteTeam "Colombia"]
[BlackTeam "Kyrgyzstan"]
[WhiteTeamCountry "COL"]
[BlackTeamCountry "KGZ"]

1. c4 e5 2. Nc3 Nc6 3. g3 f5 4. Nf3 Nf6 5. d4 e4 6. Nh4 d5 7. Bg5 Bb4 8. e3 O-O 9. Ng2 Ne7 10. Qb3 Bxc3+ 11. bxc3 c6 12. Nf4 h6 13. Bxf6 Rxf6 14. h4 Qa5 $146 ({RR} 14... Ng6 15. Nh3 Rd6 16. h5 Nf8 17. Nf4 Ne6 18. Ng6 Ng5 19. Ne5 Nf7 20. Nxf7 Kxf7 21. a4 Rb8 22. a5 Be6 23. c5 Rd7 24. Be2 Kg8 25. Kd2 b5 26. axb6 axb6 27. Rhb1 b5 28. Ra6 Rc7 29. Rba1 {1-0 Abdusattorov,N (2661)-Bharath,S (2479) Titled Tuesday intern op 17th May Early blitz 2022 (3)}) 15. h5 Kh7 16. Be2 b6 17. Qb4 Qxb4 18. cxb4 dxc4 19. Bxc4 b5 20. Bb3 a5 21. bxa5 g5 22. hxg6+ Nxg6 23. Rc1 Nxf4 24. gxf4 Rxa5 25. Rc5 Ra7 26. Kd2 Rg7 27. Rh2 Bd7 28. Re5 b4 29. Rc5 Be8 30. Ke2 Bf7 31. Rh1 Bxb3 32. axb3 Ra7 33. Rhc1 Ra3 34. Rxc6 Rxc6 35. Rxc6 Kg7 36. Kf1 Rxb3 37. Kg2 Rb1 38. Rc7+ Kf6 39. Rc6+ Kg7 40. Rc7+ Kf6 41. Rc6+ Kg7 1/2-1/2

[Event "45th Olympiad Budapest 2024"]
[Site "Budapest"]
[Date "2024.09.19"]
[Round "8"]
[Board "1"]
[White "Atabayev, Saparmyrat"]
[Black "Stefansson, Vignir Vatnar"]
[Result "1-0"]
[WhiteElo "2516"]
[BlackElo "2531"]
[PlyCount "71"]
[EventDate "2024.09.11"]
[EventType "team-tourn"]
[EventRounds "11"]
[EventCountry "HUN"]
[WhiteTeam "Turkmenistan"]
[BlackTeam "Iceland"]
[WhiteTeamCountry "TKM"]
[BlackTeamCountry "ISL"]

1. e4 {Gofshtein,Leonid D} c5 2. Nf3 d6 3. d4 cxd4 4. Nxd4 Nf6 5. Nc3 Nc6 6. Bg5 e6 7. Qd2 a6 8. O-O-O Be7 9. f3 O-O 10. h4 Nxd4 11. Qxd4 b5 12. e5 dxe5 13. Qxe5 Bd7 ({RR} 13... Qa5 14. Rh3 Bb7 ({RR} 14... Rd8) 15. Rg3 Kh8 16. Rd7 Nxd7 17. Bh6 f6 18. Bxg7+ Kg8 19. Bxf6+ Kf7 20. Rg7+ Ke8) ({RR} 13... Qb6 14. Bd3 Bb7 15. h5 h6 16. Be3 Qc6 17. Rh3 Nd7 18. Qg3 Kh8 19. Bd4 ({RR} 19. Be4 Qc8 20. Bxb7 Qxb7 21. Ne4) 19... Bf6 20. Be4 Qc8 21. Qd6 Bxd4 22. Qxd4 Nf6 23. g4 Nxe4 24. Nxe4 Bxe4 25. Qxe4 Qc5) ({RR} 13... Qb6 14. Bd3 Bb7 15. Rh3 Rac8 16. g4 b4 17. Ne2 Rfd8 18. Be3 Bc5 19. Bh6 Rd5 20. Qf4 e5 21. Qg5 Bf8 22. Qe3 Bc5 23. Qg5 Ne8 24. Bxh7+ Kh8 25. Rxd5 Bxd5 26. Bxg7+ Nxg7 27. Qxe5 Qh6+ 28. Kb1 {0-1 Payne,M (2077)-Haldorsen,B (2426) Reykjavik Open 2024 (5.46)}) 14. Bd3 ({RR} 14. Rh3 Rc8 ({RR} 14... b4 15. Ne4 ({RR} 15. Rg3 bxc3 16. Bh6 cxb2+ 17. Kb1 g6) 15... Nxe4 16. Qxe4) 15. Rg3 Kh8 16. Ne4 Qc7 17. Qxc7 Rxc7 18. Nxf6 ({RR} 18. Bf4 Ra7) 18... Bxf6 19. Bxf6 gxf6 20. Rd6 Bc8 21. f4) 14... Rc8 15. g4 $146 ({RR} 15. Kb1 Qc7 16. Qxc7 Rxc7 17. Ne4 Nd5 ({RR} 17... Bc6 18. Nxf6+ Bxf6 19. Bxf6 gxf6) 18. Bxe7 Nxe7 19. c3 ({RR} 19. h5 h6) 19... Nd5 20. Rhe1 Rb8 21. g3 Kf8 ({RR} 21... b4 22. c4) 22. f4 h6 23. Bf1 Rb6 24. Rd4 a5 25. f5 ({RR} 25. a3) 25... Nf6 ({RR} 25... Ke7 26. Bh3 ({RR} 26. fxe6 Bxe6) 26... Nf6 27. Nxf6 Kxf6 28. fxe6 Bxe6) 26. Nxf6 gxf6 27. fxe6 ({RR} 27. Bh3 e5 28. Rd2 b4) ({RR} 27. Rd2 e5 28. g4 h5 29. Be2 b4) 27... fxe6 28. Bh3 Ke7 29. Rg4 Kf7 {½-½ Perelshteyn,E (2505)-Gulko,B (2600) USA-ch San Diego 2004 (4)}) ({RR} 15. Ne4 Nxe4 16. Bxe7 ({RR} 16. Qxe4 Bxg5+ 17. hxg5 Qxg5+ 18. f4 f5 ({RR} 18... Qg6 19. Qd4) 19. fxg5 fxe4 20. Bxe4 Bc6 21. Bxh7+ Kf7 22. Bd3 Bxg2 23. Rh2 Bd5) 16... Qxe7 17. Qxe4 f5 18. Qd4 e5 19. Rhe1 Rfe8 20. Qd5+ Kh8) 15... Rc5 16. Qd4 Rc8 17. Qe5 Kh8 18. Rhe1 Qc7 19. Qxc7 Rxc7 20. Bf4 Rcc8 21. g5 Nh5 22. Bh2 Bb4 23. Be4 Bxc3 24. bxc3 Bc6 25. Kb2 Bxe4 26. Rxe4 Rc6 27. c4 h6 28. Rd6 Rc5 29. Rxa6 Rfc8 30. Ra5 f5 31. Rxe6 Rxc4 32. Be5 Nf4 33. Bxf4 Rxf4 34. Rxb5 Rxh4 35. g6 Rhc4 36. Rbe5 1-0

[Event "45th Olympiad Budapest 2024"]
[Site "Budapest"]
[Date "2024.09.19"]
[Round "8"]
[Board "2"]
[White "Kjartansson, Gudmundur"]
[Black "Annaberdiyev, Meylis"]
[Result "0-1"]
[WhiteElo "2478"]
[BlackElo "2431"]
[PlyCount "90"]
[EventDate "2024.09.11"]
[EventType "team-tourn"]
[EventRounds "11"]
[EventCountry "HUN"]
[WhiteTeam "Iceland"]
[BlackTeam "Turkmenistan"]
[WhiteTeamCountry "ISL"]
[BlackTeamCountry "TKM"]

1. e4 e5 2. Nf3 Nc6 3. Bb5 Bc5 4. c3 Nf6 5. d3 O-O 6. O-O d6 7. Nbd2 Bb6 8. a4 Ne7 ({RR} 8... a6 9. Bxc6 bxc6 10. a5 Ba7 11. h3 Re8 12. Re1 c5 13. Nc4 Rb8 14. Bg5 h6 15. Bh4 Re6 16. Nfd2 Qe8 17. b3 Nh7 18. Ne3 Rg6 19. Kh1 Ng5 20. Bg3 Ne6 21. Nf5 Nd8 22. Nc4 Be6 23. Ra3 {1-0 Goryachkina,A (2545)-Girya,O (2402) 74th ch-RUS w 2024 (5.3)}) 9. h3 c6 10. Bc4 Ng6 11. Bb3 $146 ({RR} 11. Re1 d5 12. exd5 cxd5 13. Bb3 Re8 14. Nf1 h6 15. Ng3 Bc7 16. Be3 Be6 17. Bc2 Qd7 18. Qd2 a5 19. d4 e4 20. Nh2 Bxh3 21. gxh3 Qxh3 22. Qe2 Nh4 23. Qf1 Qe6 24. Bd1 h5 25. Bg5 Nf5 {0-1 Drygalov,S (2490)-Shapkin,A (2283) Titled Tuesday intern op 25th May blitz 2021 (4)}) 11... Re8 12. Re1 h6 13. Nf1 d5 14. Ng3 Bc7 15. Bc2 Be6 16. d4 dxe4 17. Nxe5 Bxe5 18. dxe5 Qxd1 19. Bxd1 Nxe5 20. Nxe4 Nxe4 21. Rxe4 Bf5 22. Re2 Nc4 23. b3 Bd3 24. Rxe8+ Rxe8 25. Kh2 Re1 26. bxc4 Rxd1 27. a5 Bxc4 28. f3 Bd5 29. Kg3 g5 30. h4 f5 31. hxg5 hxg5 32. Bb2 f4+ 33. Kh3 Rd2 34. Ba3 Be6+ 35. Kh2 g4 36. fxg4 Bd5 37. Bc5 a6 38. Kh3 Kf7 39. g3 f3 40. Rh1 Bc4 41. Rb1 f2 42. Rxb7+ Kg6 43. Bxf2 Rxf2 44. g5 Kxg5 45. Rg7+ Kf5 0-1